| 000 | 02326nam a2200277Ia 4500 | ||
|---|---|---|---|
| 999 |
_c56392 _d56392 |
||
| 001 | 23505 | ||
| 003 | GE_BSU | ||
| 005 | 20260210171014.0 | ||
| 008 | 181216s1998||||ge |||||||||||||| ||geo|| | ||
| 040 | _cGE_BSU | ||
| 041 | _ageo | ||
| 080 | _a94(479.22)"15/18 ვ-26 | ||
| 100 |
_aვაჩნაძე, მერაბ _926856 |
||
| 245 |
_aსაქართველოს ახალი და უახლესი ისტორიის საკითხები / _cმერაბ ვაჩნაძე, ვახტანგ გურული ; რედ.: გულივერ იობაშვილი. |
||
| 264 |
_aთბილისი : _bინტელექტი, _c1998. |
||
| 300 |
_a28 გვ. ; _c20 სმ. |
||
| 500 | _aნაშრომში ავტორები გამოთქვამენ საყურადღებო მოსაზრებას ქართული საისტორიო მეცნიერების განვითარების გზებზე, საქართველოს ახალი და უახლესი ისტორიის პერიოდიზაციასა და ეროვნულ მოძრაობაზე | ||
| 520 | _aნაშრომში ავტორები გამოთქვამენ საყურადღებო მოსაზრებას ქართული საისტორიო მეცნიერების განვითარების გზებზე, საქართველოს ახალი და უახლესი ისტორიის პერიოდიზაციასა და ეროვნულ მოძრაობაზე | ||
| 541 | _h1 ლ. | ||
| 653 | _aსაქართველოს ახალი და უახლესი ისტორიის საკითხები | ||
| 653 | _aსაქართველოს ახალი ისტორია | ||
| 653 | _a საქართველოს უახლესი ისტორია | ||
| 700 |
_aგურული, ვახტანგ _eავტორი _926857 |
||
| 700 |
_aიობაშვილი, გულივერ _eრედაქტორი _926858 |
||
| 942 |
_cBK _2udc |
||